Ach wüsstest du sprüche und wahrheiten gezeichnet von Olaf Gulbransson (Record no. 7309)

MARC details
000 -CABECERA
campo de control de longitud fija 00641nam a2200217 a 4500
001 - NÚMERO DE CONTROL
campo de control BRCA_7635
005 - FECHA Y HORA DE LA ÚLTIMA TRANSACCIÓN
campo de control 20190320205924.0
008 - DATOS DE LONGITUD FIJA--INFORMACIÓN GENERAL
campo de control de longitud fija 090713s1956----gw-a######---#000-0#ger-#
041 ## - CÓDIGO DE LENGUA
Código de lengua del texto/banda sonora o título independiente ger
044 ## - CÓDIGO DEL PAÍS DE LA ENTIDAD EDITORA/PRODUCTORA
Código MARC del país gw
050 #4 - SIGNATURA TOPOGRÁFICA DE LA BIBLIOTECA DEL CONGRESO
Número de clasificación NC1509
Número de documento/Ítem .A24 1956
245 10 - MENCIÓN DE TÍTULO
Título Ach wüsstest du sprüche und wahrheiten gezeichnet von Olaf Gulbransson
Mención de responsabilidad, etc. mit einleintung von Peter Bamm.
260 ## - PUBLICACIÓN, DISTRIBUCIÓN, ETC.
Lugar de publicación, distribución, etc. Hannover, Alemania
Nombre del editor, distribuidor, etc. Schmidt-Küster
Fecha de publicación, distribución, etc. c1956
300 ## - DESCRIPCIÓN FÍSICA
Extensión 1 v. (sin paginación)
Otras características físicas il.
Dimensiones 24 cm.
500 ## - NOTA GENERAL
Nota general T52
650 14 - PUNTO DE ACCESO ADICIONAL DE MATERIA--TÉRMINO DE MATERIA
Término de materia o nombre geográfico como elemento de entrada Humorismo alemán
9 (RLIN) 6123
650 14 - PUNTO DE ACCESO ADICIONAL DE MATERIA--TÉRMINO DE MATERIA
Término de materia o nombre geográfico como elemento de entrada Caricaturas
9 (RLIN) 12867
700 1# - PUNTO DE ACCESO ADICIONAL--NOMBRE DE PERSONA
Nombre de persona Bamm, Peter
Término indicativo de función/relación ed.
9 (RLIN) 18837
902 ## - CATALOGADOR
Iniciales GFM
942 ## - ELEMENTOS DE PUNTO DE ACCESO ADICIONAL (KOHA)
Fuente del sistema de clasificación o colocación Library of Congress Classification
Tipo de ítem Koha Libros
Holdings
Estado de retiro Estado de pérdida Estado dañado No para préstamo Localización permanente Ubicación/localización actual Fecha de adquisición Número de inventario Total de préstamos Signatura topográfica completa Código de barras Fecha visto por última vez Precio válido a partir de Tipo de ítem Koha
El ejemplar forma parte de la colección y puede ser consultado según las políticas vigentes.       Biblioteca del Museo Franz Mayer (Rogerio Casas-Alatriste) Biblioteca del Museo Franz Mayer (Rogerio Casas-Alatriste) 09/07/2013 T52   NC1509 .A24 1956 (T52) 8243 22/03/2019 22/03/2019 Libros